[Event "Botvinnik 100th Open"]
[Site "St Petersburg RUS"]
[Date "2011.08.17"]
[Round "6"]
[White "Novikov, Mikhael Ivanovich"]
[Black "Bezobrazov, Lev"]
[Result "1-0"]
[WhiteElo "1926"]
[BlackElo "1689"]
[WhiteFideId "24128708"]
[BlackFideId "4152409"]
[EventDate "2011.08.12"]

1. e4 Nf6 2. e5 Nd5 3. d4 d6 4. Nf3 g6 5. Bc4 e6 6. O-O Bg7 7. Bg5 Ne7 8. Nc3 d5
9. Bb5+ Bd7 10. Qe2 a6 11. Bd3 O-O 12. Nd1 Nbc6 13. Ne3 f6 14. Bh4 fxe5 15. dxe5
Kh8 16. Ng4 Qe8 17. Nf6 Bxf6 18. Bxf6+ Kg8 19. Qd2 Nd8 20. Qh6 Rxf6 21. exf6 Qf8
22. Qxf8+ Kxf8 23. fxe7+ Kxe7 24. Ne5 Be8 25. Rfe1 b5 26. Re3 Kf6 27. Rae1 c5
28. Rf3+ Kg7 29. h4 c4 30. Bf1 Kh6 31. Rf8 1-0

[Event "Botvinnik 100th Open"]
[Site "St Petersburg RUS"]
[Date "2011.08.17"]
[Round "6"]
[White "Dzhavathanov, Magomed"]
[Black "Fokin, Anatoly"]
[Result "0-1"]
[WhiteElo "1794"]
[BlackElo "1855"]
[WhiteFideId "24106020"]
[BlackFideId "24124451"]
[EventDate "2011.08.12"]

1. e4 d5 2. exd5 Nf6 3. c4 c6 4. Nc3 cxd5 5. d4 e6 6. Nf3 Bb4 7. a3 Bxc3+ 8.
bxc3 Ne4 9. Ne5 O-O 10. Bb2 Nc6 11. Bd3 Nxe5 12. dxe5 f5 13. exf6 Nxf2 14. fxg7
Nxd1 15. gxf8=Q+ Qxf8 16. Rxd1 Bd7 17. cxd5 exd5 18. Rf1 Qh6 19. Be2 Re8 20.
Rxd5 Rxe2+ 0-1

[Event "Botvinnik 100th Open"]
[Site "St Petersburg RUS"]
[Date "2011.08.17"]
[Round "6"]
[White "Rykov, Ivan2"]
[Black "Babaev, David"]
[Result "0-1"]
[WhiteElo "1759"]
[BlackElo "1846"]
[WhiteFideId "24128520"]
[BlackFideId "4161408"]
[EventDate "2011.08.12"]

1. d4 e6 2. c4 f5 3. Nc3 Nf6 4. Nf3 d5 5. cxd5 exd5 6. Bf4 c6 7. e3 Bd6 8. Bg3
O-O 9. Be2 Ne4 10. O-O Bxg3 11. hxg3 Nd7 12. Nd2 Ndf6 13. Nb3 Qe7 14. Rc1 Be6
15. Na4 Bf7 16. Nac5 Rae8 17. Nd3 Nxg3 18. Re1 Nxe2+ 19. Qxe2 Bh5 20. Qd2 Ne4
21. Qc2 Qg5 22. Nf4 Rf6 23. Nc5 Rh6 24. Ncd3 Qh4 25. Nh3 Bg4 26. Ndf4 Bxh3 27.
Nxh3 Ree6 28. Kf1 Reg6 29. Nf4 Rg5 30. b4 Qg4 31. f3 Ng3+ 32. Kf2 Qh4 33. Nh3
Rgg6 0-1

[Event "Botvinnik 100th Open"]
[Site "St Petersburg RUS"]
[Date "2011.08.17"]
[Round "6"]
[White "Tantsov, Peter"]
[Black "Uyanik, Mehmet"]
[Result "0-1"]
[WhiteElo "1777"]
[BlackElo "1719"]
[WhiteFideId "24149489"]
[BlackFideId "6363164"]
[EventDate "2011.08.12"]

1. e4 c5 2. Nf3 d6 3. d4 cxd4 4. Nxd4 Nf6 5. Nc3 a6 6. Bg5 e6 7. f4 Be7 8. Qf3
Nc6 9. Nxc6 bxc6 10. Bxf6 Bxf6 11. e5 dxe5 12. fxe5 Bxe5 13. Qxc6+ Bd7 14. Qf3
O-O 15. O-O-O Qc7 16. Bd3 Bc6 17. Be4 Bxe4 18. Nxe4 Rab8 19. c3 Rb7 20. Nc5 Rb5
21. Nxa6 Qa5 22. Nb4 Rxb4 23. cxb4 Qxa2 24. Qa3 Rc8+ 25. Kd2 Qd5+ 26. Qd3 Qxg2+
27. Ke3 Qg5+ 28. Ke2 Qg2+ 29. Ke3 Qg5+ 30. Ke2 Qg4+ 31. Kf1 Qf4+ 32. Ke2 Qg4+
33. Kf1 h5 34. Qe2 Qf5+ 35. Qf2 Qe4 36. Rg1 Rc2 0-1

[Event "Botvinnik 100th Open"]
[Site "St Petersburg RUS"]
[Date "2011.08.18"]
[Round "7"]
[White "Ponkratov, Pavel"]
[Black "Zvjaginsev, Vadim"]
[Result "1/2-1/2"]
[WhiteTitle "GM"]
[BlackTitle "GM"]
[WhiteElo "2593"]
[BlackElo "2659"]
[WhiteFideId "4157800"]
[BlackFideId "4113403"]
[EventDate "2011.08.12"]

1. e4 e6 2. d4 d5 3. e5 c5 4. c3 Nc6 5. Nf3 Qb6 6. Be2 cxd4 7. cxd4 Nh6 8. Nc3
Nf5 9. Na4 Qa5+ 10. Nc3 Qb6 11. Na4 Qa5+ 12. Nc3 Qb6 13. Na4 1/2-1/2

[Event "Botvinnik 100th Open"]
[Site "St Petersburg RUS"]
[Date "2011.08.18"]
[Round "7"]
[White "Kovchan, Alexander"]
[Black "Khismatullin, Denis"]
[Result "0-1"]
[WhiteTitle "GM"]
[BlackTitle "GM"]
[WhiteElo "2554"]
[BlackElo "2656"]
[WhiteFideId "14103052"]
[BlackFideId "4142578"]
[EventDate "2011.08.12"]

1. e4 c5 2. Nf3 d6 3. d4 cxd4 4. Nxd4 Nf6 5. Nc3 a6 6. Be2 e5 7. Nb3 Be7 8. Bg5
Be6 9. Bxf6 Bxf6 10. Qd3 O-O 11. O-O Nc6 12. Nd5 Bg5 13. Rad1 Rc8 14. c3 Ne7 15.
Ne3 Rc6 16. Nd2 b5 17. Nf3 Bxe3 18. Qxe3 Qc7 19. a3 f6 20. Ne1 d5 21. f4 exf4
22. Rxf4 Ng6 23. Rf2 dxe4 24. Qxe4 Bb3 25. Rd4 Re6 26. Qg4 Ne5 27. Qg3 Qe7 28.
Nf3 Nxf3+ 29. Qxf3 Re8 30. Bf1 Re1 31. h3 Bc4 32. Rd1 Qc5 33. b4 Qg5 34. Rxe1
Rxe1 35. Kh2 Qe5+ 36. g3 Bxf1 37. Rxf1 Re3 38. Qa8+ Kf7 39. Rf3 Re2+ 40. Kg1 Kg6
41. Qa7 Re1+ 42. Kg2 Qe4 43. g4 Re2+ 44. Kg3 Qe5+ 45. Kh4 Kh6 0-1

[Event "Botvinnik 100th Open"]
[Site "St Petersburg RUS"]
[Date "2011.08.18"]
[Round "7"]
[White "Aleksandrov, Aleksej"]
[Black "Levin, Evgeny A."]
[Result "1-0"]
[WhiteTitle "GM"]
[BlackTitle "GM"]
[WhiteElo "2609"]
[BlackElo "2465"]
[WhiteFideId "13500139"]
[BlackFideId "4182596"]
[EventDate "2011.08.12"]

1. d4 Nf6 2. c4 e6 3. Nc3 Bb4 4. e3 c5 5. Bd3 Nc6 6. Nf3 d5 7. O-O O-O 8. cxd5
exd5 9. dxc5 Bxc5 10. b3 Bg4 11. Bb2 a6 12. Rc1 Ba7 13. Be2 Re8 14. h3 Bxf3 15.
Bxf3 d4 16. exd4 Bxd4 17. Rc2 Re6 18. Rd2 Rd6 19. Na4 Be5 20. Rxd6 Bxd6 21. Bxc6
bxc6 22. Qc2 Rc8 23. Rd1 Nd5 24. Qc4 a5 25. Qg4 Bf8 26. Nb6 Rb8 27. Nxd5 cxd5
28. Qf3 a4 29. Rxd5 Qe8 30. Rg5 h6 31. Rg4 Rb4 32. Rg3 Qe6 33. Qa8 g5 34. Ba3
Qe1+ 35. Kh2 1-0

[Event "Botvinnik 100th Open"]
[Site "St Petersburg RUS"]
[Date "2011.08.18"]
[Round "7"]
[White "Pridorozhni, Aleksei"]
[Black "Maletin, Pavel"]
[Result "1/2-1/2"]
[WhiteTitle "GM"]
[BlackTitle "GM"]
[WhiteElo "2550"]
[BlackElo "2575"]
[WhiteFideId "4127870"]
[BlackFideId "4146786"]
[EventDate "2011.08.12"]

1. e4 c5 2. Nf3 e6 3. c4 Nc6 4. Be2 e5 5. Nc3 d6 6. d3 Be7 7. Be3 f5 8. exf5
Bxf5 9. Nd2 Nf6 10. g4 Bg6 11. g5 Nd7 12. Bh5 Nf8 13. h4 Bxh5 14. Qxh5+ Ng6 15.
Nd5 Qd7 16. Qf3 O-O-O 17. a3 Rhf8 18. Qh3 Rf5 19. b4 Rdf8 20. b5 Nd4 21. Bxd4
exd4 22. Ne4 h5 23. gxh6 gxh6 24. O-O-O Nf4 25. Nxf4 Rxf4 26. Rdg1 h5 27. Rg7
R8f7 28. Rg8+ Kc7 29. Qxd7+ Kxd7 30. Rg6 Kc7 31. Rh6 Bxh4 32. Rxh5 Bxf2 33. Rh7
Be3+ 34. Kc2 Rf5 35. a4 a5 36. R1h4 Bf4 37. Kd1 Be5 38. Ke2 Kd7 39. Rh1 Kc7 40.
Ng5 Rxh7 41. Rxh7+ Kc8 42. Ne4 b6 43. Rh6 Kc7 44. Rh7+ Kc8 45. Rh3 Kd7 46. Rh6
Kc7 47. Rh7+ 1/2-1/2

[Event "Botvinnik 100th Open"]
[Site "St Petersburg RUS"]
[Date "2011.08.18"]
[Round "7"]
[White "Iljin, Timofey"]
[Black "Savchenko, Boris"]
[Result "0-1"]
[WhiteTitle "IM"]
[BlackTitle "GM"]
[WhiteElo "2504"]
[BlackElo "2615"]
[WhiteFideId "14110180"]
[BlackFideId "4147332"]
[EventDate "2011.08.12"]

1. d4 e6 2. c4 b6 3. a3 Ne7 4. e4 d5 5. Nc3 dxe4 6. Nxe4 Bb7 7. Qd3 Nf5 8. Nf3
Nd7 9. Be2 Nf6 10. Nxf6+ gxf6 11. Bd2 Rg8 12. Rg1 Qd6 13. g4 Bxf3 14. Bxf3 O-O-O
15. Qe4 Nxd4 16. Qb7+ Kd7 17. Be3 Nxf3+ 18. Qxf3 Ke8 19. h3 h5 20. Rc1 hxg4 21.
hxg4 f5 22. Rg3 fxg4 23. Rxg4 Rxg4 24. Qxg4 Qe5 25. c5 Bxc5 26. Qa4+ Kf8 27. Qh4
Rd3 28. Qh6+ Ke8 29. Ke2 Bxe3 30. fxe3 Rb3 0-1

[Event "Botvinnik 100th Open"]
[Site "St Petersburg RUS"]
[Date "2011.08.18"]
[Round "7"]
[White "Sedlak, Nikola"]
[Black "Onischuk, Vladimir"]
[Result "1-0"]
[WhiteTitle "GM"]
[BlackTitle "IM"]
[WhiteElo "2580"]
[BlackElo "2490"]
[WhiteFideId "922900"]
[BlackFideId "14114038"]
[EventDate "2011.08.12"]

1. d4 g6 2. c4 Bg7 3. Nc3 d6 4. e4 Nf6 5. Nf3 O-O 6. h3 Nbd7 7. Be3 e5 8. d5 Nc5
9. Nd2 a5 10. g4 c6 11. Be2 Bd7 12. h4 a4 13. a3 Qa5 14. Kf1 cxd5 15. cxd5 b5
16. h5 Ne8 17. Kg2 f6 18. hxg6 hxg6 19. Qg1 Rc8 20. Qh2 Kf7 21. Qg3 g5 22. Rh7
Rh8 23. Rxh8 Bxh8 24. Rh1 Bg7 25. Qf3 Ke7 26. Rh7 Nb3 27. Nxb3 axb3 28. Bd2 Qb6
29. Rh1 b4 30. axb4 Qxb4 31. Ra1 Qd4 32. Qe3 Nc7 33. Ra7 Kd8 34. Rb7 Bf8 35. Be1
Ra8 36. Qf3 Kc8 37. Rxb3 1-0

[Event "Botvinnik 100th Open"]
[Site "St Petersburg RUS"]
[Date "2011.08.18"]
[Round "7"]
[White "Yakovich, Yuri"]
[Black "Aitbayev, Aslan"]
[Result "1/2-1/2"]
[WhiteTitle "GM"]
[WhiteElo "2539"]
[BlackElo "2346"]
[WhiteFideId "4100654"]
[BlackFideId "13704613"]
[EventDate "2011.08.12"]

1. d4 d5 2. c4 dxc4 3. e3 e5 4. Bxc4 exd4 5. exd4 Nf6 6. Nf3 Bd6 7. O-O O-O 8.
Bg5 Nc6 9. h3 h6 10. Bh4 g5 11. Bg3 Bxg3 12. fxg3 Kg7 13. Nc3 Qd6 14. g4 Be6 15.
Bxe6 fxe6 16. Qd2 Rad8 17. Rad1 Ne7 18. Rde1 Ng6 19. Kh1 b6 20. Qc2 Nd5 21. Ne4
Qd7 22. Ng3 Ndf4 23. Rc1 Rc8 24. Rfe1 Qd5 25. Nh5+ Nxh5 26. gxh5 Nf4 27. Re5 Qd6
28. Qe4 Nxh5 29. Qg4 Nf6 30. Qxe6 Qxe6 31. Rxe6 Nd5 32. Rcc6 Rf6 33. Rxf6 Nxf6
34. Ne5 Nd5 35. Ng4 Rf8 36. Rxh6 Rf4 37. Rh5 Kg6 38. Rh6+ Kg7 39. Rh5 Kg6 40.
Rh6+ Kg7 1/2-1/2

[Event "Botvinnik 100th Open"]
[Site "St Petersburg RUS"]
[Date "2011.08.18"]
[Round "7"]
[White "Kuzubov, Yuriy"]
[Black "Ponfilenok, Vladimir"]
[Result "1-0"]
[WhiteTitle "GM"]
[WhiteElo "2630"]
[BlackElo "2413"]
[WhiteFideId "14112906"]
[BlackFideId "24113522"]
[EventDate "2011.08.12"]

1. g3 f5 2. Bg2 Nf6 3. d3 e5 4. c4 Be7 5. Nc3 O-O 6. Nf3 d6 7. O-O c6 8. b4 Qe8
9. Rb1 Qh5 10. b5 f4 11. bxc6 bxc6 12. gxf4 Bh3 13. Bxh3 Qxh3 14. c5 Nbd7 15.
cxd6 Bxd6 16. Ng5 Qg4+ 17. Kh1 exf4 18. Rg1 Qh5 19. Nce4 Be5 20. d4 Nxe4 21.
Nxe4 Nf6 22. f3 Nxe4 23. fxe4 Bc7 24. Rb7 Rf7 25. Rg2 Bb6 26. Qb3 Bxd4 27. Bxf4
Rf8 28. Bd6 Kh8 29. Rxf7 Qxf7 30. h3 Qf1+ 31. Kh2 Bg1+ 32. Kg3 Bf2+ 33. Kh2 Bg1+
34. Rxg1 Rf2+ 35. Kh1 1-0

[Event "Botvinnik 100th Open"]
[Site "St Petersburg RUS"]
[Date "2011.08.18"]
[Round "7"]
[White "Serov, Maksim"]
[Black "Epishin, Vladimir"]
[Result "0-1"]
[BlackTitle "GM"]
[WhiteElo "2364"]
[BlackElo "2553"]
[WhiteFideId "4181905"]
[BlackFideId "4162714"]
[EventDate "2011.08.12"]

1. d4 Nf6 2. c4 e6 3. g3 Bb4+ 4. Bd2 Qe7 5. Bg2 Nc6 6. e3 e5 7. d5 Bxd2+ 8. Qxd2
Nb8 9. Nc3 d6 10. Nge2 a5 11. h3 h5 12. f4 Nbd7 13. O-O Nc5 14. Rae1 Kf8 15. Nc1
e4 16. Re2 Bf5 17. Nb3 Qd7 18. Nxc5 dxc5 19. Kh2 Rh6 20. b3 b6 21. a3 Kg8 22.
Qc2 Re8 23. Rd1 Rg6 24. Qd2 Rd8 25. Qe1 Qe7 26. Red2 Rh6 27. Qe2 Kf8 28. Qe1 Ne8
29. Nb5 Nd6 30. Nc3 Bd7 31. Qe2 Re8 32. Rb2 g5 33. Rf1 Kg7 34. fxg5 Qxg5 35. Rf4
h4 36. Qf2 hxg3+ 37. Qxg3 Qxg3+ 38. Kxg3 f5 39. Bf1 Reh8 40. Rbf2 Rg6+ 41. Kh2
Nf7 42. Be2 Ne5 43. a4 Rg5 44. Rg2 Rxg2+ 45. Kxg2 Ng6 46. Rf1 Rh4 47. Rh1 Kf6
48. Bd1 Ke5 49. Bc2 Rh7 50. Kf2 Rh6 51. Rg1 Kf6 52. Rg3 Rh4 53. Ne2 Be8 54. Kg2
f4 55. exf4 Nxf4+ 56. Nxf4 Rxf4 57. Rg4 Rxg4+ 58. hxg4 Ke5 59. Kg3 Bg6 60. Bd1
Bh7 61. Be2 e3 62. Kf3 Bc2 63. Kxe3 Bxb3 64. Bd3 Bxa4 65. g5 Bd7 66. g6 Kf6 67.
Kf4 Be8 68. g7 Kxg7 69. Ke5 a4 70. Bc2 a3 71. Bb3 Kf7 72. d6 cxd6+ 73. Kxd6 Kf6
74. Kc7 Ke5 75. Kxb6 Kd4 0-1

[Event "Botvinnik 100th Open"]
[Site "St Petersburg RUS"]
[Date "2011.08.18"]
[Round "7"]
[White "Lintchevski, Daniil"]
[Black "Artemiev, Vladislav"]
[Result "1/2-1/2"]
[WhiteTitle "GM"]
[BlackTitle "FM"]
[WhiteElo "2553"]
[BlackElo "2401"]
[WhiteFideId "4171055"]
[BlackFideId "24101605"]
[EventDate "2011.08.12"]

1. e4 c5 2. Nf3 d6 3. d4 cxd4 4. Nxd4 Nf6 5. Nc3 a6 6. h3 g6 7. g4 Bg7 8. Bg2
O-O 9. O-O Nc6 10. Be3 Nd7 11. f4 Nxd4 12. Bxd4 e5 13. fxe5 Nxe5 14. Nd5 Be6 15.
Bb6 Qg5 16. Nc7 Nc4 17. Nxa8 Rxa8 18. Bf2 Be5 19. Qc1 Qxc1 20. Raxc1 Nxb2 21. a3
Rc8 22. Bh4 Kg7 23. Rf3 Na4 24. Bg3 Nc3 25. Bxe5+ dxe5 26. Rf2 Rc4 27. Re1 b5
28. Rf3 Nxe4 29. Rfe3 Nc5 30. Rxe5 Rxc2 31. R1e2 Rc1+ 32. Re1 Rc2 33. R1e2 Rc3
34. R2e3 Rc1+ 35. Re1 Rxe1+ 36. Rxe1 Kf6 37. Rc1 Bc4 38. Bf1 Nb3 39. Rc3 Nd2 40.
Bxc4 Nxc4 41. a4 Ke5 42. axb5 axb5 43. Rb3 Nd6 44. Rf3 f5 45. Kg2 fxg4 46. hxg4
Nc4 1/2-1/2

[Event "Botvinnik 100th Open"]
[Site "St Petersburg RUS"]
[Date "2011.08.18"]
[Round "7"]
[White "Biriukov, Oleg V."]
[Black "Popov, Valerij"]
[Result "0-1"]
[WhiteTitle "IM"]
[BlackTitle "GM"]
[WhiteElo "2339"]
[BlackElo "2550"]
[WhiteFideId "4123174"]
[BlackFideId "4119410"]
[EventDate "2011.08.12"]

1. d4 d5 2. c4 e6 3. Nf3 Nd7 4. g3 dxc4 5. Bg2 a6 6. a4 Rb8 7. a5 Ngf6 8. O-O
Bb4 9. Qa4 Bd6 10. Nbd2 O-O 11. Nxc4 b5 12. axb6 Nxb6 13. Qb3 Bb7 14. Nxd6 cxd6
15. Ne1 Bd5 16. Bxd5 Nbxd5 17. Qa3 Rb4 18. Nc2 Rb6 19. Qd3 Qa8 20. e4 Nc7 21. f3
Rfb8 22. b4 Nb5 23. Bd2 Qb7 24. Rfc1 d5 25. e5 Nd7 26. Rab1 Rc6 27. Na1 Rxc1+
28. Rxc1 Qb6 29. Be3 Na7 30. Nc2 Rc8 31. f4 Nb5 32. Bd2 Rc4 33. Rb1 f6 34. Kg2
Qc6 35. Rb2 f5 36. Ra2 h6 37. h3 g6 38. g4 Kf7 39. Kf1 Qc8 40. Ke1 Nb8 41. Na3
Nxa3 42. Rxa3 Nc6 43. gxf5 gxf5 44. Qf3 Nxd4 45. Qh5+ Ke7 46. Rg3 Kd7 47. Qxh6
Kc6 48. Qh7 Kb5 49. Qe7 Nc6 50. Qd6 Nxb4 51. Rg6 Re4+ 52. Kf2 Qc2 53. Qd7+ Ka5 0-1

[Event "Botvinnik 100th Open"]
[Site "St Petersburg RUS"]
[Date "2011.08.18"]
[Round "7"]
[White "Yevseev, Denis"]
[Black "Bulanov, Dmitri"]
[Result "1-0"]
[WhiteTitle "GM"]
[BlackTitle "FM"]
[WhiteElo "2527"]
[BlackElo "2379"]
[WhiteFideId "4126378"]
[BlackFideId "13506382"]
[EventDate "2011.08.12"]

1. Nf3 f5 2. c4 Nf6 3. g3 g6 4. b4 Bg7 5. Bb2 O-O 6. Bg2 d6 7. d4 c6 8. O-O Kh8
9. Nbd2 Be6 10. a4 Nbd7 11. b5 Bg8 12. Ne1 Qc7 13. Nd3 e5 14. bxc6 bxc6 15. dxe5
dxe5 16. e4 Rad8 17. Qc2 Rfe8 18. Rfe1 Bf7 19. a5 Kg8 20. a6 c5 21. Bc3 Bh6 22.
Nb2 Be6 23. Rab1 Qc8 24. exf5 gxf5 25. Ba5 Nb6 26. Rxe5 Qxa6 27. Bc3 Qc8 28.
Ree1 Bg7 29. Nd3 Bf7 30. Ne5 Bh5 31. Ra1 Re7 32. Nc6 Rxe1+ 33. Rxe1 Re8 34. Ne7+ 1-0

[Event "Botvinnik 100th Open"]
[Site "St Petersburg RUS"]
[Date "2011.08.18"]
[Round "7"]
[White "Alekseenko, Kirill"]
[Black "Neverov, Valeriy"]
[Result "0-1"]
[WhiteTitle "FM"]
[BlackTitle "GM"]
[WhiteElo "2339"]
[BlackElo "2500"]
[WhiteFideId "4135539"]
[BlackFideId "14100150"]
[EventDate "2011.08.12"]

1. e4 c5 2. Nf3 e6 3. d4 cxd4 4. Nxd4 a6 5. Nc3 Qc7 6. Be2 Nf6 7. O-O Bc5 8. Be3
d6 9. a4 e5 10. Nf5 Bxf5 11. exf5 Nbd7 12. Kh1 Rc8 13. Bxc5 Qxc5 14. Bf3 Rc7 15.
a5 O-O 16. Ra4 h6 17. Qd2 Rb8 18. Rd1 b5 19. Raa1 b4 20. Nd5 Nxd5 21. Qxd5 Qxd5
22. Rxd5 Rxc2 23. Rxd6 Nc5 24. Rc6 b3 25. h3 Nd3 26. Rxa6 e4 27. Rb6 Rd8 28. Bh5
Rxb2 29. Rb7 Rf8 30. Rd7 Nxf2+ 31. Kh2 Nd3 32. Bd1 e3 33. Re7 Rd2 34. Bxb3 e2 0-1

[Event "Botvinnik 100th Open"]
[Site "St Petersburg RUS"]
[Date "2011.08.18"]
[Round "7"]
[White "Kornyukov, Alexey"]
[Black "Polyaninov, Aleksey"]
[Result "1-0"]
[WhiteTitle "IM"]
[WhiteElo "2485"]
[BlackElo "2365"]
[WhiteFideId "4150457"]
[BlackFideId "4118499"]
[EventDate "2011.08.12"]

1. d4 Nf6 2. Nf3 g6 3. c4 c5 4. d5 b5 5. cxb5 a6 6. b6 a5 7. Nc3 Ba6 8. e4 Bxf1
9. Kxf1 Bg7 10. d6 Nc6 11. dxe7 Qxb6 12. e5 Ng4 13. Nd5 Qa6+ 14. Kg1 Rc8 15. Bg5
h6 16. Bf6 Bxf6 17. Nxf6+ Nxf6 18. exf6 Nb8 19. Qb3 Qxf6 20. Re1 c4 21. Qb5 Nc6
22. Qxc4 Rb8 23. b3 Nxe7 24. Qc5 d6 25. Qc7 Rd8 26. h4 Rd7 27. Qc6 Qf5 28. Nd4
Qc5 29. Qa4 Qb4 30. Rxe7+ 1-0

[Event "Botvinnik 100th Open"]
[Site "St Petersburg RUS"]
[Date "2011.08.18"]
[Round "7"]
[White "Rozum, Ivan"]
[Black "Tsydypov, Zhamsaran"]
[Result "1-0"]
[WhiteTitle "IM"]
[WhiteElo "2464"]
[BlackElo "2247"]
[WhiteFideId "24104272"]
[BlackFideId "4108566"]
[EventDate "2011.08.12"]

1. d4 Nf6 2. c4 g6 3. g3 Bg7 4. Bg2 O-O 5. Nc3 d6 6. Nf3 Nc6 7. O-O Bf5 8. b3
Ne4 9. Nxe4 Bxe4 10. Bb2 d5 11. e3 a5 12. Bh3 a4 13. Ng5 Nb4 14. Bc3 c5 15. Nxe4
dxe4 16. Bxb4 cxb4 17. bxa4 Qe8 18. Qb3 Rxa4 19. c5 Qb5 20. Bg2 e5 21. Rad1 exd4
22. exd4 Rd8 23. Bxe4 Ra3 24. Qb1 Bxd4 25. Rd2 Qxc5 26. Bxb7 Rc3 27. Kg2 Rd7 28.
Qe4 Kg7 29. Rfd1 f5 30. Rxd4 fxe4 31. Rxd7+ Kh6 32. Bxe4 Rc4 33. R1d5 Qf8 34. g4
Qh8 35. Bf3 Rxg4+ 36. Bxg4 Qa8 37. Bf3 Qxa2 38. Rb7 b3 39. h4 Qa4 40. Rdd7 1-0

[Event "Botvinnik 100th Open"]
[Site "St Petersburg RUS"]
[Date "2011.08.18"]
[Round "7"]
[White "Malakhov, Igor"]
[Black "Sanzhaev, Darsen"]
[Result "1/2-1/2"]
[WhiteTitle "FM"]
[WhiteElo "2448"]
[BlackElo "2211"]
[WhiteFideId "4183088"]
[BlackFideId "24120030"]
[EventDate "2011.08.12"]

1. c4 e5 2. Nc3 Nf6 3. Nf3 Nc6 4. e3 Bb4 5. Qc2 Bxc3 6. Qxc3 Qe7 7. a3 d5 8. d4
exd4 9. Nxd4 Nxd4 10. Qxd4 c5 11. Qh4 dxc4 12. Bxc4 O-O 13. O-O Rd8 14. b4 cxb4
15. axb4 Be6 16. Be2 Nd5 17. Qxe7 Nxe7 18. b5 Nd5 19. Re1 Nc3 20. Bf1 Bd7 21. b6
axb6 22. Bb2 Rxa1 23. Rxa1 Rc8 24. Ra7 Na4 25. Bd4 Bc6 26. f3 h6 27. Bc4 b5 28.
Bb3 Rd8 29. Kf2 Kf8 30. Kg3 f6 31. Kf4 Ke7 32. Kf5 Kf8 33. h4 Bd7+ 34. Kf4 Bc6
35. Kf5 Bd7+ 36. Be6 Bxe6+ 37. Kxe6 b6 38. Kf5 Nc5 39. Kg6 Nd7 40. Rb7 Kg8 41.
Kf5 Nc5 42. Bxc5 bxc5 43. Rxb5 1/2-1/2

[Event "Botvinnik 100th Open"]
[Site "St Petersburg RUS"]
[Date "2011.08.18"]
[Round "7"]
[White "Semenova, Irina"]
[Black "Tunik, Gennady"]
[Result "0-1"]
[WhiteTitle "WGM"]
[BlackTitle "GM"]
[WhiteElo "2241"]
[BlackElo "2440"]
[WhiteFideId "4118367"]
[BlackFideId "4101219"]
[EventDate "2011.08.12"]

1. e4 c5 2. Nf3 e6 3. d4 cxd4 4. Nxd4 a6 5. Bd3 Nf6 6. O-O d6 7. c4 Nbd7 8. Qe2
b6 9. Nc3 Bb7 10. Be3 Be7 11. Rac1 O-O 12. f3 Rc8 13. b3 Re8 14. Kh1 Qc7 15.
Rfd1 Qb8 16. Qf2 Bd8 17. Qg3 Ne5 18. Bb1 Ng6 19. Nde2 Bc7 20. f4 b5 21. cxb5
axb5 22. f5 d5 23. Qh3 exf5 24. exf5 Nf4 25. Bxf4 Bxf4 26. Nxf4 Qxf4 27. Qg3 Qb4
28. a4 d4 29. Nxb5 Qd2 0-1

[Event "Botvinnik 100th Open"]
[Site "St Petersburg RUS"]
[Date "2011.08.18"]
[Round "7"]
[White "Polivanov, Anatoliy"]
[Black "Klimentiev, Sergey"]
[Result "1-0"]
[WhiteTitle "IM"]
[WhiteElo "2435"]
[BlackElo "1698"]
[WhiteFideId "14109468"]
[BlackFideId "24155896"]
[EventDate "2011.08.12"]

1. e4 e5 2. Nf3 Nc6 3. Bc4 Nf6 4. Ng5 d5 5. exd5 Nxd5 6. Nxf7 Bg4 7. Nxd8 Bxd1
8. Bxd5 Rxd8 9. Bxc6+ bxc6 10. Kxd1 Bc5 11. Ke2 O-O 12. f3 e4 13. Nc3 exf3+ 14.
gxf3 Rde8+ 15. Ne4 Re5 16. d3 Be7 17. Be3 c5 18. Rag1 Rf6 19. Rg3 Bd6 20. Nxd6
cxd6 21. Rhg1 g6 22. f4 Re8 23. Kf3 a6 24. Rg5 Rf7 25. h4 Rfe7 26. Bd2 Kf7 27.
h5 Re2 28. hxg6+ hxg6 29. R1g2 Rxg2 30. Rxg2 Re6 31. Rh2 Kg8 32. Bc3 d5 33. Be5
Kf7 34. Rh7+ Kg8 35. Rc7 Rb6 36. Rxc5 Rxb2 1-0

[Event "Botvinnik 100th Open"]
[Site "St Petersburg RUS"]
[Date "2011.08.18"]
[Round "7"]
[White "Duzhakov, Ilya"]
[Black "Smikovski, Ivan"]
[Result "0-1"]
[WhiteTitle "FM"]
[BlackTitle "IM"]
[WhiteElo "2338"]
[BlackElo "2541"]
[WhiteFideId "4192516"]
[BlackFideId "4124650"]
[EventDate "2011.08.12"]

1. d4 Nf6 2. c4 g6 3. g3 Bg7 4. Bg2 d5 5. cxd5 Nxd5 6. Nf3 Nb6 7. O-O Nc6 8. e3
O-O 9. Nc3 Re8 10. Re1 a5 11. a4 e5 12. d5 Nb4 13. e4 c6 14. dxc6 bxc6 15. Bg5
f6 16. Be3 Nc4 17. Bf1 Nxe3 18. Rxe3 Be6 19. Ne1 Qe7 20. Nd3 Red8 21. Qb1 Bh6
22. Re1 Rab8 23. Nc1 Rd2 24. Re2 Rbd8 25. Ra3 Rd1 26. Nxd1 Rxd1 27. Rae3 Bxe3
28. fxe3 Bh3 29. Rf2 Qa7 0-1

[Event "Botvinnik 100th Open"]
[Site "St Petersburg RUS"]
[Date "2011.08.18"]
[Round "7"]
[White "Demianjuk, Alexander"]
[Black "Fedoseev, Vladimir3"]
[Result "0-1"]
[BlackTitle "GM"]
[WhiteElo "2317"]
[BlackElo "2520"]
[WhiteFideId "4134249"]
[BlackFideId "24130737"]
[EventDate "2011.08.12"]

1. d4 c5 2. d5 g6 3. e4 Bg7 4. Nc3 d6 5. Nf3 a6 6. a4 Bg4 7. Be2 Nd7 8. O-O Ngf6
9. Bf4 Qa5 10. Nd2 Bxe2 11. Qxe2 Nh5 12. Bg5 Qb4 13. e5 Nxe5 14. f4 h6 15. fxe5
hxg5 16. Nc4 Bxe5 17. g3 Bxg3 18. Ne4 Nf4 19. Rxf4 Bxh2+ 20. Qxh2 Rxh2 21. Kxh2
gxf4 22. Ned2 b5 0-1